[Event "corr"]
[Site "corr"]
[Date "1998.??.??"]
[Round "?"]
[White "Ermakov, Evgeny Vladimirovic"]
[Black "Lubashov, Alexey Viacheslavov"]
[Result "1/2-1/2"]
[WhiteElo "2286"]
[BlackElo "2348"]
[PlyCount "99"]
[EventDate "1998.??.??"]
[EventType "swiss (corr)"]
[EventRounds "12"]
[SourceTitle "Corr 2002"]
[Source "ChessBase"]
[SourceDate "2002.05.23"]
[SourceVersion "1"]
[SourceVersionDate "2002.05.23"]
[SourceQuality "1"]

1. d4 d6 2. c4 e5 3. Nf3 e4 4. Ng5 f5 5. Nc3 Be7 6. Nh3 c6 7. e3 Nf6 8. Be2 0-0 9. 0-0 Na6 10. f3 exf3 11. Bxf3 Nc7 12. d5 c5 13. Nf4 Rb8 14. a4 a6 15. a5 Ng4 16. Na4 Ne5 17. Be2 Ng6 18. Nd3 Bg5 19. b4 cxb4 20. Nxb4 Qe7 21. Nc2 f4 22. exf4 Nxf4 23. Bxf4 Bxf4 24. Ra3 Rf6 25. g3 Be5 26. Bg4 Rxf1+ 27. Kxf1 Na8 28. Bxc8 Rxc8 29. Qg4 Qc7 30. Qe6+ Kh8 31. c5 Rf8+ 32. Kg2 Qxa5 33. Rf3 Rg8 34. cxd6 Qxa4 35. Ne3 Bxd6 36. Qxd6 Qe8 37. Nf5 Rf8 38. Re3 Qf7 39. Qe6 h6 40. g4 Nc7 41. Qxf7 Rxf7 42. d6 Nb5 43. h4 Kh7 44. h5 b6 45. Kg3 Rd7 46. Kf4 Nxd6 47. Rd3 b5 48. Nxd6 b4 49. Ke5 a5 50. Rd5 1/2-1/2

[Event "RUS-chT B4 corr"]
[Site "Russia"]
[Date "1996.??.??"]
[Round "?"]
[White "Ermakov, Evgeny Vladimirovic"]
[Black "Bobrov, Vladimir Nikolaevic"]
[Result "1/2-1/2"]
[WhiteElo "2115"]
[BlackElo "2548"]
[PlyCount "118"]
[EventDate "1996.??.??"]
[EventType "team-tourn (corr)"]
[EventRounds "18"]
[EventCountry "RUS"]
[SourceTitle "Corr 2011"]
[Source "ChessBase"]
[SourceDate "2010.08.31"]
[SourceVersion "1"]
[SourceVersionDate "2010.08.31"]
[SourceQuality "1"]

1. d4 d5 2. c4 c6 3. Nc3 Nf6 4. Nf3 dxc4 5. a4 Bg4 6. Ne5 Bh5 7. f3 Nfd7 8. Nxc4 e5 9. g3 Bb4 10. dxe5 0-0 11. Qd4 Na6 12. Bf4 Ndc5 13. Qxd8 Raxd8 14. Nd2 Rfe8 15. Kf2 Rd4 16. Be3 Bxc3 17. bxc3 Rxa4 18. Rxa4 Nxa4 19. Bxa7 b5 20. c4 Rxe5 21. cxb5 Rxb5 22. e4 Rb7 23. Be3 N6c5 24. Bc4 Nd7 25. h4 h6 26. g4 Bg6 27. h5 Bh7 28. Ra1 Nab6 29. Ba6 Rb8 30. Rc1 c5 31. Bxc5 Nxc5 32. Rxc5 f6 33. Nb3 Kf8 34. Nd4 Bg8 35. Rc7 Bf7 36. Nf5 Rd8 37. Bb5 Nc8 38. Bd7 Nb6 39. Bb5 Nc8 40. Ke3 Nd6 41. Nd4 Rc8 42. Rd7 Nxb5 43. Nxb5 Be6 44. Ra7 Rd8 45. Nd4 Bc8 46. Rc7 Re8 47. Kf4 Rd8 48. Nc6 Re8 49. Ke3 Be6 50. Kd4 Bf7 51. Kc5 g6 52. hxg6 Bxg6 53. Nd4 h5 54. g5 fxg5 55. Kd6 Bf7 56. e5 Rd8+ 57. Rd7 Rxd7+ 58. Kxd7 h4 59. e6 h3 1/2-1/2

[Event "corr"]
[Site "corr"]
[Date "1996.??.??"]
[Round "?"]
[White "Ermakov, Evgeny Vladimirovic"]
[Black "Lubashov, Alexey Viacheslavov"]
[Result "0-1"]
[WhiteElo "2278"]
[BlackElo "2264"]
[PlyCount "78"]
[EventDate "1996.??.??"]
[EventType "game (corr)"]
[EventRounds "9"]
[SourceTitle "Corr 2002"]
[Source "ChessBase"]
[SourceDate "2002.05.23"]
[SourceVersion "1"]
[SourceVersionDate "2002.05.23"]
[SourceQuality "1"]

1. d4 g6 2. c4 Bg7 3. Nc3 d6 4. e4 e5 5. d5 Nd7 6. Be3 Ne7 7. Bd3 0-0 8. Qd2 f5 9. f3 Nf6 10. 0-0-0 fxe4 11. fxe4 Ng4 12. h3 Nxe3 13. Qxe3 c5 14. Nf3 a6 15. Nd2 Bd7 16. Rdf1 Nc8 17. Rxf8+ Qxf8 18. Rf1 Qe8 19. Be2 b5 20. Nd1 Nb6 21. Kb1 Qe7 22. Nf3 Rf8 23. Qg5 Bf6 24. Qe3 Rf7 25. Nc3 bxc4 26. Nd2 Bb5 27. Nf3 Bg7 28. Ng5 Rxf1+ 29. Bxf1 Qf6 30. Be2 Qf4 31. Qxf4 exf4 32. Ne6 Be5 33. Nc7 Bxc3 34. bxc3 Kf7 35. Ne6 Kf6 36. Bf3 g5 37. h4 h6 38. hxg5+ hxg5 39. Nc7 Bd7 0-1

[Event "RUS-chT B4 corr"]
[Site "Russia"]
[Date "1996.??.??"]
[Round "?"]
[White "Fatfulin, Evgeny Musherovich"]
[Black "Ermakov, Evgeny Vladimirovic"]
[Result "1/2-1/2"]
[WhiteElo "2396"]
[BlackElo "2115"]
[PlyCount "63"]
[EventDate "1996.??.??"]
[EventType "team-tourn (corr)"]
[EventRounds "18"]
[EventCountry "RUS"]
[SourceTitle "Corr 2011"]
[Source "ChessBase"]
[SourceDate "2010.08.31"]
[SourceVersion "1"]
[SourceVersionDate "2010.08.31"]
[SourceQuality "1"]

1. d4 Nf6 2. c4 e6 3. Nc3 Bb4 4. f3 c5 5. d5 Nh5 6. g3 Bxc3+ 7. bxc3 f5 8. e4 f4 9. dxe6 Qf6 10. Ne2 fxg3 11. Bg2 gxh2 12. Rxh2 g6 13. exd7+ Bxd7 14. Qd5 Nc6 15. Bg5 Qf7 16. Qxc5 h6 17. Be3 0-0-0 18. Nd4 Nf4 19. Bf1 Ne6 20. Qd5 Qf6 21. Nxe6 Bxe6 22. Qxe6+ Qxe6 23. Bh3 Qxh3 24. Rxh3 Rd3 25. Kf2 Rxc3 26. Rxh6 Rc2+ 27. Kg3 Rxh6 28. Bxh6 Rxc4 29. Bg7 Kd7 30. Kf4 Ke6 31. Rb1 b6 32. Rb2 1/2-1/2